| 000 | 00638nam a2200265Ia 4500 | ||
|---|---|---|---|
| 008 | 210210b2009 xxu||||| |||| 00| 0 eng d | ||
| 020 | _a9788190977258 | ||
| 041 | _aeng | ||
| 082 | _a828 THAK | ||
| 100 | _aTHARAKESHWAR (V B) | ||
| 245 | _aKaleidoscope: English 1 and 2 for visual arts | ||
| 260 |
_aHampi _bPrasaranga Kannada Vishvavidyalaya _c2009 |
||
| 300 | _axviii,193 | ||
| 650 | _avisual | ||
| 650 | _atwo | ||
| 650 | _aone | ||
| 650 | _aKaleidoscope: | ||
| 650 | _afor | ||
| 650 | _aEnglish | ||
| 650 | _aarts | ||
| 650 | _aand | ||
| 690 | _aEnglish Miscellaneous | ||
| 700 | _aNIKHILA (H) | ||
| 906 | _a065353 | ||
| 999 |
_c142567 _d142567 |
||